Abejas (Hymenoptera, Apoidae) de la zona de influencia del embalse Porce II (Antioquia, Colombia) (Registro nro. 1553)
[ vista simple ]
| 000 -CABECERA | |
|---|---|
| Campo de control | 00598nam a2200193 a 4500 |
| 005 - FECHA Y HORA DE LA ULTIMA TRANSACCION | |
| Campo de control | 20140228162608.0 |
| 008 - ELEMENTOS DE LONGITUD FIJA—INFORMACION GENERAL | |
| Campo de control | 140228b1998 ck ||||| |||| 00| 0 spa d |
| 041 ## - IDIOMA | |
| Código de idioma para texto/pista de sonido o título separado | Español |
| 044 ## - PAÍS DE PUBLICACIÓN | |
| País de publicación | Colombia |
| 090 ## - CLASIFICACIÓN LOCAL | |
| Colección | LB |
| Consecutivo | 01546 |
| 100 ## - ASIENTO PRINCIPAL--NOMBRE PERSONAL | |
| Nombre personal | Smith Pardo, Allan Henrry |
| 245 ## - MENCION DE TITULO | |
| Título | Abejas (Hymenoptera, Apoidae) de la zona de influencia del embalse Porce II (Antioquia, Colombia) |
| 260 ## - PUBLICACION, DISTRIBUCION, ETC. (PIE DE IMPRENTA) | |
| Lugar de publicación, distribución, etc. | Medellín |
| Nombre del editor, distribuidor, etc. | Universidad Nacional de Colombia |
| Fecha de publicación, distribución, etc. | 1998? |
| 300 ## - DESCRIPCION FISICA | |
| Extensión | 255 p. |
| 650 ## - ASIENTO SECUNDARIO DE MATERIA - TERMINO TEMATICO | |
| Término temático o nombre geográfico como elemento de entrada | Hymenoptera |
| 650 ## - ASIENTO SECUNDARIO DE MATERIA - TERMINO TEMATICO | |
| Término temático o nombre geográfico como elemento de entrada | Abejas |
| 662 ## - ASIENTO SECUNDARIO DE MATERIA - JERARQUIA DEL NOMBRE DE LUGAR( | |
| País o entidad mayor | Colombia |
| Jurisdicción política intermedia | Embalse Porce II |
| Jurisdicción política de primer orden | Antioquia |
| 942 ## - ELEMENTOS ADICIONALES (KOHA) | |
| Tipo de ítem | Impreso |
| Sistema de clasificación | Local |
| Withdrawn status | Lost status | Sistema de Clasificación | Damaged status | No para préstamo | Colección | Ubicación Permanente | Ubicación actual | Fecha de adquisición | Fuente de Valor | Total Checkouts | Número topográfico | Inventario / Código de Barras | Date last seen | Ejemplar | Price effective from | Forma de adquisición | Tipo de material |
|---|---|---|---|---|---|---|---|---|---|---|---|---|---|---|---|---|---|
| Local | Audiovisual | Bogotá | Bogotá | 05/04/2000 | Fernández,Fernando | LB-01546 | 035050 | 04/12/2012 | Ej. 1 | 04/12/2012 | CD-ROM |